|
|
|
|
| LEADER |
01420nam a2200409 a 4500 |
| 001 |
000041728 |
| 003 |
27267 |
| 005 |
20200113100341.0 |
| 008 |
171030s2007 |
| 020 |
|
|
|c 56000
|
| 040 |
|
|
|a lnn
|c lnn
|d lnn
|
| 041 |
0 |
|
|a eng
|
| 082 |
1 |
4 |
|a 428.0076
|b AD-G
|
| 100 |
1 |
|
|a Adams, Garry.
|
| 245 |
1 |
0 |
|a 101 Helpful Hints for IELTS :
|b general training module /
|c Garry Adams, Terry Peck.
|
| 250 |
|
|
|a International ed.
|
| 260 |
|
|
|a Tp.HCM :
|b Nxb tổng hợp Tp HCM ,
|c 2007.
|
| 300 |
|
|
|a 175 p. ;
|c 29 cm.
|
| 500 |
|
|
|a Practice exercises for IELTS : listening / reading / writing / speaking.
|
| 500 |
|
|
|a Practice tests and hints for IELTS. Update for 2006 writing test requirements.
|
| 630 |
0 |
4 |
|a Tiếng Anh.
|
| 630 |
0 |
4 |
|a English language.
|
| 630 |
0 |
4 |
|a IELTS.
|
| 630 |
0 |
4 |
|a Tests.
|
| 630 |
0 |
4 |
|a Bài tập Anh ngữ.
|
| 650 |
0 |
4 |
|a English language
|x Study and teaching.
|
| 650 |
0 |
4 |
|a English language
|x Tests.
|
| 700 |
1 |
|
|a Peck, Terry.
|
| OWN |
|
|
|a LNN
|
| AVA |
|
|
|a UDN50
|b LNN
|c English
|d 428.01 AD-G
|e available
|t Error 5001 Not defined in file expand_doc_bib_avail.
|f 1
|g 0
|h N
|i 0
|j AN
|k 1
|
| 999 |
|
|
|a From the UDN01
|
| AVA |
|
|
|a UDN50
|b LNN
|c English
|d 428.01 AD-G
|e available
|t Error 5001 Not defined in file expand_doc_bib_avail.
|f 1
|g 0
|h N
|i 0
|j AN
|k 1
|
| TYP |
|
|
|a Monograph
|
| TYP |
|
|
|a Printed language
|
| 980 |
|
|
|a Mạng thư viện Đại học Đà Nẵng
|